Quick Pick: DreamWorks Animated Movies Quiz Stats

Quiz Updated May 26, 2016

Challenge
Share
Tweet
Embed
Score 0/15 Timer 01:30
1 Play Today
% Correct
Kung Fu Panda
79.6%
How To Train Your Dragon
78.8%
Madagascar
77.5%
Bee Movie
70.6%
Shrek
69.6%
Antz
69.4%
Monsters vs. Aliens
67.5%
Puss in Boots
63.3%
% Correct
Megamind
62.1%
Shark Tale
61.4%
Over the Hedge
60.4%
The Croods
49.7%
Rise of the Guardians
40.2%
Home
39.6%
Turbo
34.5%

Today's Daily Dose

You're not logged in!

Compare scores with friends on all Sporcle quizzes.
Join for Free
OR
Log In

You Might Also Like...

Show Comments

Extras

Top Quizzes Today


Score Distribution

Your Account Isn't Verified!

In order to create a playlist on Sporcle, you need to verify the email address you used during registration. Go to your Sporcle Settings to finish the process.

Report this User

Report this user for behavior that violates our Community Guidelines.

Details: